[Event "Test Tournament"]
[Site "Emanuel Lasker Arena"]
[Date "2024.04.09"]
[Round "4"]
[White "Patemkin"]
[Black "Bauernklopper"]
[Result "0-1"]
[WhiteElo "1680"]
[BlackElo "1620"]
[Annotator "NA RC"]
[PlyCount "94"]
[EventDate "2024.04.09"]
[EventType "swiss (blitz)"]
[TimeControl "60"]

1. d4 {[%emt 0:00:02]} d5 {[%emt 0:00:01]} 2. c4 {[%emt 0:00:01]} dxc4 {[%emt 0:00:01]} 3. Nf3 {[%emt 0:00:01]} Nf6 {[%emt 0:00:01]} 4. e3 {[%emt 0:00:01]} e6 {[%emt 0:00:01]} 5. Bxc4 {[%emt 0:00:01]} c5 {[%emt 0:00:01]} 6. O-O {[%emt 0:00:01]} a6 {[%emt 0:00:01]} 7. a4 {[%emt 0:00:01]} Nc6 {[%emt 0:00:01]} 8. Qe2 {[%emt 0:00:01]} Qc7 {[%emt 0:00:01]} 9. Nc3 {[%emt 0:00:01]} Bd6 {[%emt 0:00:01]} 10. h3 {[%emt 0:00:01]} O-O {[%emt 0:00:01]} 11. Rd1 {[%emt 0:00:01]} b6 {[%emt 0:00:01]} 12. d5 {[%emt 0:00:01]} exd5 {[%emt 0:00:01]} 13. Nxd5 {[%emt 0:00:01]} Nxd5 {[%emt 0:00:01]} 14. Bxd5 {[%emt 0:00:01]} Bb7 {[%emt 0:00:02]} 15. b4 {[%emt 0:00:03]} cxb4 {[%emt 0:00:01]} 16. e4 {[%emt 0:00:04]} Bf4 {[%emt 0:00:04]} 17. Be3 {[%emt 0:00:03]} Na5 {[%emt 0:00:03]} 18. Rac1 {[%emt 0:00:04]} Qb8 {[%emt 0:00:01]} 19. Bxf4 {[%emt 0:00:01]} Qxf4 {[%emt 0:00:01]} 20. Bxb7 {[%emt 0:00:03]} Nxb7 {[%emt 0:00:01]} 21. Qd2 {[%emt 0:00:02]} Qxd2 {[%emt 0:00:03]} 22. Rxd2 {[%emt 0:00:01]} b3 {[%emt 0:00:03]} 23. Rb2 {[%emt 0:00:03]} Nc5 {[%emt 0:00:03]} 24. Ne5 {[%emt 0:00:02]} Rad8 {[%emt 0:00:02]} 25. f3 {[%emt 0:00:02]} f5 {[%emt 0:00:02]} 26. g3 {[%emt 0:00:02]} fxe4 {[%emt 0:00:01]} 27. fxe4 {[%emt 0:00:01]} Rd4 {[%emt 0:00:02]} 28. Rc4 {[%emt 0:00:01]} Rxc4 {[%emt 0:00:02]} 29. Nxc4 {[%emt 0:00:01]} Re8 {[%emt 0:00:01]} 30. e5 {[%emt 0:00:01]} Re6 {[%emt 0:00:01]} 31. Kf1 {[%emt 0:00:01]} Kf8 {[%emt 0:00:01]} 32. Nd2 {[%emt 0:00:01]} Rxe5 {[%emt 0:00:01]} 33. Nxb3 {[%emt 0:00:01]} Nxa4 {[%emt 0:00:01]} 34. Rd2 {[%emt 0:00:01]} Nc5 {[%emt 0:00:01]} 35. Rf2+ {[%emt 0:00:01]} Ke8 {[%emt 0:00:01]} 36. Nxc5 {[%emt 0:00:01]} Rxc5 {[%emt 0:00:01]} 37. Rf4 {[%emt 0:00:01]} a5 {[%emt 0:00:01]} 38. Ke1 {[%emt 0:00:01]} b5 {[%emt 0:00:01]} 39. Kd2 {[%emt 0:00:01]} a4 {[%emt 0:00:01]} 40. Rg4 {[%emt 0:00:01]} Kf8 {[%emt 0:00:01]} 41. Rb4 {[%emt 0:00:01]} a3 {[%emt 0:00:01]} 42. h4 {[%emt 0:00:01]} a2 {[%emt 0:00:01]} 43. Rg4 {[%emt 0:00:01]} Rd5+ {[%emt 0:00:01]} 44. Kc3 {[%emt 0:00:01]} a1=N {[%emt 0:00:01]} 45. Rb4 {[%emt 0:00:00]} h6 {[%emt 0:00:01]} 46. Kb2 {[%emt 0:00:01]} Rd2+ {[%emt 0:00:01]} 47. Kxa1 {[%emt 0:00:01]} Rd1+ {[%emt 0:00:01] Time (Lag: Av=0.07s, max=0.6s) .} 0-1

[Event "Test Tournament"]
[Site "Emanuel Lasker Arena"]
[Date "2024.04.09"]
[Round "4"]
[White "Covfefe"]
[Black "Dominatrix"]
[Result "0-1"]
[WhiteElo "1620"]
[BlackElo "1733"]
[Annotator "NA RC"]
[PlyCount "44"]
[EventDate "2024.04.09"]
[EventType "swiss (blitz)"]
[TimeControl "60"]

1. d4 {[%emt 0:00:02]} f5 {[%emt 0:00:01]} 2. c4 {[%emt 0:00:01]} Nf6 {[%emt 0:00:01]} 3. Nf3 {[%emt 0:00:02]} g6 {[%emt 0:00:01]} 4. Nc3 {[%emt 0:00:01]} Bg7 {[%emt 0:00:01]} 5. e3 {[%emt 0:00:02]} O-O {[%emt 0:00:01]} 6. b4 {[%emt 0:00:05]} d6 {[%emt 0:00:01]} 7. Bd3 {[%emt 0:00:01]} a5 {[%emt 0:00:01]} 8. b5 {[%emt 0:00:04]} e5 {[%emt 0:00:04]} 9. dxe5 {[%emt 0:00:01]} dxe5 {[%emt 0:00:01]} 10. Nd5 {[%emt 0:00:03]} Nxd5 {[%emt 0:00:00]} 11. cxd5 {[%emt 0:00:01]} e4 {[%emt 0:00:04]} 12. Rb1 {[%emt 0:00:03]} exd3 {[%emt 0:00:01]} 13. Qxd3 {[%emt 0:00:01]} f4 {[%emt 0:00:06]} 14. Qc2 {[%emt 0:00:03]} Bf5 {[%emt 0:00:06]} 15. e4 {[%emt 0:00:02]} Qe7 {[%emt 0:00:02]} 16. Nd2 {[%emt 0:00:04]} Bd4 {[%emt 0:00:02]} 17. O-O {[%emt 0:00:02]} Bc8 {[%emt 0:00:02]} 18. Nc4 {[%emt 0:00:01]} f3 {[%emt 0:00:02]} 19. d6 {[%emt 0:00:02]} cxd6 {[%emt 0:00:01]} 20. h4 {[%emt 0:00:02]} Qxh4 {[%emt 0:00:02]} 21. Nxd6 {[%emt 0:00:01]} fxg2 {[%emt 0:00:01]} 22. Nxc8 {[%emt 0:00:01]} Qh1# {[%emt 0:00:01] (Lag: Av=0.07s, max=0.5s)} 0-1

[Event "Test Tournament"]
[Site "Emanuel Lasker Arena"]
[Date "2024.04.09"]
[Round "4"]
[White "Don Rodrigo"]
[Black "StressTest"]
[Result "0-1"]
[WhiteElo "1620"]
[BlackElo "2101"]
[Annotator "RC"]
[PlyCount "62"]
[EventDate "2024.04.09"]
[EventType "swiss (blitz)"]
[TimeControl "60"]

1. e4 {[%emt 0:00:01]} e5 {[%emt 0:00:01]} 2. Nf3 {[%emt 0:00:01]} Nc6 {[%emt 0:00:01]} 3. Bb5 {[%emt 0:00:01]} a6 {[%emt 0:00:01]} 4. Ba4 {[%emt 0:00:01]} d6 {[%emt 0:00:01]} 5. Bxc6+ {[%emt 0:00:02]} bxc6 {[%emt 0:00:01]} 6. d4 {[%emt 0:00:02]} f6 {[%emt 0:00:02]} 7. Qd3 {[%emt 0:00:01]} a5 {[%emt 0:00:01]} 8. h3 {[%emt 0:00:02]} Ba6 {[%emt 0:00:04]} 9. Qb3 {[%emt 0:00:02]} Be7 {[%emt 0:00:04]} 10. Qe6 {[%emt 0:00:04]} c5 {[%emt 0:00:04]} 11. dxe5 {[%emt 0:00:02]} fxe5 {[%emt 0:00:01]} 12. Bg5 {[%emt 0:00:03]} a4 {[%emt 0:00:04]} 13. Nc3 {[%emt 0:00:03]} Qd7 {[%emt 0:00:05]} 14. Nd4 {[%emt 0:00:17]} exd4 {[%emt 0:00:01]} 15. Qxd7+ {[%emt 0:00:01]} Kxd7 {[%emt 0:00:01]} 16. f4 {[%emt 0:00:01]} dxc3 {[%emt 0:00:01]} 17. O-O-O {[%emt 0:00:01]} Bxg5 {[%emt 0:00:02]} 18. fxg5 {[%emt 0:00:01]} cxb2+ {[%emt 0:00:01]} 19. Kxb2 {[%emt 0:00:01]} Ne7 {[%emt 0:00:02]} 20. g4 {[%emt 0:00:02]} Rhf8 {[%emt 0:00:02]} 21. c4 {[%emt 0:00:01]} Bxc4 {[%emt 0:00:02]} 22. g6 {[%emt 0:00:01]} Rf2+ {[%emt 0:00:02]} 23. Kc3 {[%emt 0:00:01]} Nxg6 {[%emt 0:00:02]} 24. Kxc4 {[%emt 0:00:01]} Rxa2 {[%emt 0:00:01]} 25. Rd5 {[%emt 0:00:01]} Nf4 {[%emt 0:00:02]} 26. Rc1 {[%emt 0:00:01]} Nxd5 {[%emt 0:00:01]} 27. exd5 {[%emt 0:00:01]} Re8 {[%emt 0:00:01]} 28. Kd3 {[%emt 0:00:01]} a3 {[%emt 0:00:02]} 29. Kc4 {[%emt 0:00:01]} Rh2 {[%emt 0:00:02]} 30. Rd1 {[%emt 0:00:01]} Rxh3 {[%emt 0:00:01]} 31. Rd3 {[%emt 0:00:01] .} a2 {[%emt 0:00:01]} 0-1

[Event "Test Tournament"]
[Site "Emanuel Lasker Arena"]
[Date "2024.04.09"]
[Round "4"]
[White "Karpovs Shadow"]
[Black "Swindler"]
[Result "*"]
[WhiteElo "1620"]
[BlackElo "2226"]
[Annotator "RC"]
[PlyCount "60"]
[EventDate "2024.04.09"]
[EventType "swiss (blitz)"]

{Karpovs Shadow resigns Swindler resigns} 1. d4 {[%emt 0:00:01]} Nf6 {[%emt 0:00:01]} 2. c4 {[%emt 0:00:01]} g6 {[%emt 0:00:01]} 3. Nc3 {[%emt 0:00:01]} Bg7 {[%emt 0:00:01]} 4. e4 {[%emt 0:00:01]} d6 {[%emt 0:00:01]} 5. h3 {[%emt 0:00:01]} O-O {[%emt 0:00:01]} 6. Be3 {[%emt 0:00:01]} Na6 {[%emt 0:00:01]} 7. Nf3 {[%emt 0:00:01]} e5 {[%emt 0:00:01]} 8. d5 {[%emt 0:00:01]} Nh5 {[%emt 0:00:01]} 9. a3 {[%emt 0:00:01]} Qe8 {[%emt 0:00:01]} 10. g4 {[%emt 0:00:01]} Nf4 {[%emt 0:00:01]} 11. b4 {[%emt 0:00:06]} f5 {[%emt 0:00:04]} 12. gxf5 {[%emt 0:00:03]} gxf5 {[%emt 0:00:01]} 13. Rg1 {[%emt 0:00:03]} fxe4 {[%emt 0:00:01]} 14. Nxe4 {[%emt 0:00:01]} Bf5 {[%emt 0:00:04]} 15. Qc2 {[%emt 0:00:03]} Qh5 {[%emt 0:00:03]} 16. Rg3 {[%emt 0:00:03]} c5 {[%emt 0:00:03]} 17. b5 {[%emt 0:00:03]} Nc7 {[%emt 0:00:03]} 18. O-O-O {[%emt 0:00:02]} a5 {[%emt 0:00:03]} 19. b6 {[%emt 0:00:02]} Na6 {[%emt 0:00:02]} 20. Bd3 {[%emt 0:00:02]} a4 {[%emt 0:00:02]} 21. Rdg1 {[%emt 0:00:02]} Bg6 {[%emt 0:00:02]} 22. Be2 {[%emt 0:00:02]} Bxe4 {[%emt 0:00:02]} 23. Rxg7+ {[%emt 0:00:01]} Kh8 {[%emt 0:00:01]} 24. Qxe4 {[%emt 0:00:02]} Nxe2+ {[%emt 0:00:01]} 25. Kb2 {[%emt 0:00:01]} Nxg1 {[%emt 0:00:01]} 26. Rxg1 {[%emt 0:00:01]} Rxf3 {[%emt 0:00:01]} 27. Rg5 {[%emt 0:00:01]} Rxf2+ {[%emt 0:00:02]} 28. Bxf2 {[%emt 0:00:01]} Qxg5 {[%emt 0:00:01]} 29. Be3 {[%emt 0:00:02]} Qh5 {[%emt 0:00:02]} 30. Bc1 {[%emt 0:00:01]} Rf8 {[%emt 0:00:02]} *

[Event "Test Tournament"]
[Site "Emanuel Lasker Arena"]
[Date "2024.04.09"]
[Round "4"]
[White "Karpovs Shadow"]
[Black "Alicia"]
[Result "0-1"]
[WhiteElo "1620"]
[BlackElo "2226"]
[Annotator "RC"]
[PlyCount "98"]
[EventDate "2024.04.09"]
[EventType "swiss (blitz)"]
[TimeControl "60"]

1. d4 {[%emt 0:00:01]} Nf6 {[%emt 0:00:01]} 2. c4 {[%emt 0:00:01]} g6 {[%emt 0:00:01]} 3. Nc3 {[%emt 0:00:01]} Bg7 {[%emt 0:00:01]} 4. e4 {[%emt 0:00:01]} d6 {[%emt 0:00:01]} 5. h3 {[%emt 0:00:01]} O-O {[%emt 0:00:01]} 6. Be3 {[%emt 0:00:01]} Na6 {[%emt 0:00:01]} 7. Nf3 {[%emt 0:00:01]} e5 {[%emt 0:00:01]} 8. d5 {[%emt 0:00:01]} Nh5 {[%emt 0:00:01]} 9. a3 {[%emt 0:00:01]} f5 {[%emt 0:00:01]} 10. b4 {[%emt 0:00:01]} f4 {[%emt 0:00:01]} 11. Bd2 {[%emt 0:00:01]} c5 {[%emt 0:00:04]} 12. Be2 {[%emt 0:00:01]} Bd7 {[%emt 0:00:03]} 13. Rb1 {[%emt 0:00:04]} Qb6 {[%emt 0:00:04]} 14. bxc5 {[%emt 0:00:04]} Qxc5 {[%emt 0:00:01]} 15. Rxb7 {[%emt 0:00:01]} Nf6 {[%emt 0:00:03]} 16. Ng5 {[%emt 0:00:04]} Qd4 {[%emt 0:00:03]} 17. Nb5 {[%emt 0:00:03]} Qb2 {[%emt 0:00:03]} 18. Nxd6 {[%emt 0:00:01]} Qxa3 {[%emt 0:00:01]} 19. c5 {[%emt 0:00:03]} Ba4 {[%emt 0:00:01]} 20. Bc1 {[%emt 0:00:03]} Qxc5 {[%emt 0:00:01]} 21. Rxg7+ {[%emt 0:00:01]} Kxg7 {[%emt 0:00:01]} 22. Ne6+ {[%emt 0:00:01]} Kh6 {[%emt 0:00:01]} 23. Nxc5 {[%emt 0:00:01]} Bxd1 {[%emt 0:00:01]} 24. Bxa6 {[%emt 0:00:01]} Rad8 {[%emt 0:00:01]} 25. Nc4 {[%emt 0:00:02]} Rc8 {[%emt 0:00:01]} 26. Ba3 {[%emt 0:00:03]} f3 {[%emt 0:00:03]} 27. Bc1+ {[%emt 0:00:01]} g5 {[%emt 0:00:01]} 28. Bxc8 {[%emt 0:00:01]} Rxc8 {[%emt 0:00:01]} 29. h4 {[%emt 0:00:02]} Kg7 {[%emt 0:00:03]} 30. hxg5 {[%emt 0:00:02]} Nxe4 {[%emt 0:00:01]} 31. Nxe4 {[%emt 0:00:01]} fxg2 {[%emt 0:00:01]} 32. Rg1 {[%emt 0:00:01]} Bf3 {[%emt 0:00:01]} 33. Ned6 {[%emt 0:00:01]} Rc5 {[%emt 0:00:01]} 34. Nf5+ {[%emt 0:00:01]} Kg8 {[%emt 0:00:01]} 35. Ne7+ {[%emt 0:00:01]} Kf7 {[%emt 0:00:01]} 36. Nc6 {[%emt 0:00:01]} Ke8 {[%emt 0:00:01]} 37. Nd6+ {[%emt 0:00:01]} Kd7 {[%emt 0:00:01]} 38. Be3 {[%emt 0:00:01]} Kxd6 {[%emt 0:00:00]} 39. Bxc5+ {[%emt 0:00:01]} Kxc5 {[%emt 0:00:01]} 40. Nxe5 {[%emt 0:00:01]} Bxd5 {[%emt 0:00:01]} 41. f4 {[%emt 0:00:01]} Kd4 {[%emt 0:00:01]} 42. Kf2 {[%emt 0:00:01]} a5 {[%emt 0:00:01]} 43. Ra1 {[%emt 0:00:01]} Ke4 {[%emt 0:00:01]} 44. Kg3 {[%emt 0:00:01]} Kf5 {[%emt 0:00:01]} 45. Rg1 {[%emt 0:00:01]} a4 {[%emt 0:00:00]} 46. Nf3 {[%emt 0:00:00]} a3 {[%emt 0:00:01]} 47. Rxg2 {[%emt 0:00:01]} a2 {[%emt 0:00:00]} 48. Nd4+ {[%emt 0:00:01]} Kg6 {[%emt 0:00:00]} 49. Rg1 {[%emt 0:00:00] .} h6 {[%emt 0:00:00]} 0-1

[Event "Test Tournament"]
[Site "Emanuel Lasker Arena"]
[Date "2024.04.09"]
[Round "4"]
[White "Klaus Junge"]
[Black "Beaujolais"]
[Result "*"]
[WhiteElo "1620"]
[BlackElo "2200"]
[Annotator "RC"]
[PlyCount "63"]
[EventDate "2024.04.09"]
[EventType "swiss (blitz)"]

{Klaus Junge resigns} 1. e4 {[%emt 0:00:01]} c6 {[%emt 0:00:01]} 2. d4 {[%emt 0:00:01]} d5 {[%emt 0:00:01]} 3. e5 {[%emt 0:00:01]} Bf5 {[%emt 0:00:01]} 4. g4 {[%emt 0:00:01]} Be4 {[%emt 0:00:01]} 5. f3 {[%emt 0:00:01]} Bg6 {[%emt 0:00:01]} 6. h4 {[%emt 0:00:01]} h5 {[%emt 0:00:01]} 7. Ne2 {[%emt 0:00:01]} hxg4 {[%emt 0:00:01]} 8. fxg4 {[%emt 0:00:01]} e6 {[%emt 0:00:01]} 9. h5 {[%emt 0:00:04]} Be7 {[%emt 0:00:01]} 10. Nf4 {[%emt 0:00:04]} Bh4+ {[%emt 0:00:08]} 11. Kd2 {[%emt 0:00:01]} Be4 {[%emt 0:00:01]} 12. Rh3 {[%emt 0:00:05]} c5 {[%emt 0:00:04]} 13. Bb5+ {[%emt 0:00:03]} Nc6 {[%emt 0:00:03]} 14. Bxc6+ {[%emt 0:00:01]} bxc6 {[%emt 0:00:01]} 15. Ke2 {[%emt 0:00:01]} Qg5 {[%emt 0:00:02]} 16. Nc3 {[%emt 0:00:03]} Qxg4+ {[%emt 0:00:01]} 17. Kf1 {[%emt 0:00:02]} Bg2+ {[%emt 0:00:01]} 18. Nxg2 {[%emt 0:00:01]} Qxh3 {[%emt 0:00:01]} 19. Kg1 {[%emt 0:00:02]} Bg3 {[%emt 0:00:01]} 20. Qf3 {[%emt 0:00:02]} Rxh5 {[%emt 0:00:00]} 21. Nf4 {[%emt 0:00:02]} Bh2+ {[%emt 0:00:03]} 22. Kf2 {[%emt 0:00:01]} Bg1+ {[%emt 0:00:03]} 23. Ke2 {[%emt 0:00:01]} Qxf3+ {[%emt 0:00:01]} 24. Kxf3 {[%emt 0:00:01]} Rh2 {[%emt 0:00:03]} 25. dxc5 {[%emt 0:00:02]} Ne7 {[%emt 0:00:03]} 26. Nd3 {[%emt 0:00:01]} Nf5 {[%emt 0:00:02]} 27. Bg5 {[%emt 0:00:01]} Bd4 {[%emt 0:00:01]} 28. Bf4 {[%emt 0:00:01]} Rxc2 {[%emt 0:00:01]} 29. Rh1 {[%emt 0:00:02]} Kd7 {[%emt 0:00:01]} 30. Bg5 {[%emt 0:00:02]} Rb8 {[%emt 0:00:01]} 31. Ne2 {[%emt 0:00:02]} Bxb2 {[%emt 0:00:01]} 32. Rh7 {[%emt 0:00:02]} *

[Event "Test Tournament"]
[Site "Emanuel Lasker Arena"]
[Date "2024.04.09"]
[Round "4"]
[White "Klaus Junge"]
[Black "Ceres"]
[Result "1/2-1/2"]
[WhiteElo "1620"]
[BlackElo "1620"]
[Annotator "NA RC"]
[PlyCount "77"]
[EventDate "2024.04.09"]
[EventType "swiss (blitz)"]
[TimeControl "60"]

1. e4 {[%emt 0:00:01]} e6 {[%emt 0:00:02]} 2. d4 {[%emt 0:00:01]} d5 {[%emt 0:00:01]} 3. Nc3 {[%emt 0:00:01]} dxe4 {[%emt 0:00:01]} 4. Nxe4 {[%emt 0:00:01]} Nd7 {[%emt 0:00:01]} 5. Nf3 {[%emt 0:00:01]} Ngf6 {[%emt 0:00:01]} 6. Nxf6+ {[%emt 0:00:01]} Nxf6 {[%emt 0:00:01]} 7. Be3 {[%emt 0:00:01]} Nd5 {[%emt 0:00:02]} 8. Bd2 {[%emt 0:00:01]} Nf6 {[%emt 0:00:01]} 9. Bd3 {[%emt 0:00:04]} b6 {[%emt 0:00:04]} 10. Qe2 {[%emt 0:00:04]} a6 {[%emt 0:00:01]} 11. O-O-O {[%emt 0:00:03]} Nd7 {[%emt 0:00:02]} 12. Ng5 {[%emt 0:00:03]} Qf6 {[%emt 0:00:03]} 13. h4 {[%emt 0:00:03]} Be7 {[%emt 0:00:03]} 14. Qh5 {[%emt 0:00:02]} g6 {[%emt 0:00:03]} 15. Qh6 {[%emt 0:00:03]} Qxd4 {[%emt 0:00:01]} 16. Nxh7 {[%emt 0:00:01]} Bf8 {[%emt 0:00:02]} 17. Qg5 {[%emt 0:00:01]} Rxh7 {[%emt 0:00:02]} 18. Bf4 {[%emt 0:00:02]} Qf6 {[%emt 0:00:02]} 19. Qg4 {[%emt 0:00:02]} Bh6 {[%emt 0:00:02]} 20. Bg5 {[%emt 0:00:02]} Bxg5+ {[%emt 0:00:02]} 21. hxg5 {[%emt 0:00:01]} Qh8 {[%emt 0:00:02]} 22. Rhe1 {[%emt 0:00:02]} Kd8 {[%emt 0:00:02]} 23. Bc4 {[%emt 0:00:01]} Ra7 {[%emt 0:00:01]} 24. a4 {[%emt 0:00:01]} Rg7 {[%emt 0:00:01]} 25. Re5 {[%emt 0:00:02]} b5 {[%emt 0:00:01]} 26. Qd4 {[%emt 0:00:01]} bxc4 {[%emt 0:00:02]} 27. Qxa7 {[%emt 0:00:01]} a5 {[%emt 0:00:01]} 28. Rc5 {[%emt 0:00:01]} Qh3 {[%emt 0:00:02]} 29. Qxc7+ {[%emt 0:00:01]} Ke7 {[%emt 0:00:01]} 30. gxh3 {[%emt 0:00:01]} Rg8 {[%emt 0:00:01]} 31. Qd6+ {[%emt 0:00:01]} Kd8 {[%emt 0:00:01]} 32. Rxc8+ {[%emt 0:00:01]} Kxc8 {[%emt 0:00:00]} 33. Qxd7+ {[%emt 0:00:01]} Kb8 {[%emt 0:00:01]} 34. Qb5+ {[%emt 0:00:01]} Kc8 {[%emt 0:00:01]} 35. Qc6+ {[%emt 0:00:01]} Kb8 {[%emt 0:00:01]} 36. Qb6+ {[%emt 0:00:01]} Kc8 {[%emt 0:00:01]} 37. Qc6+ {[%emt 0:00:01]} Kb8 {[%emt 0:00:00]} 38. Qb6+ {[%emt 0:00:01]} Kc8 {[%emt 0:00:01]} 39. Qc6+ {[%emt 0:00:01] (Lag: Av=0.08s, max=0.7s)} 1/2-1/2

[Event "Test Tournament"]
[Site "Emanuel Lasker Arena"]
[Date "2024.04.09"]
[Round "4"]
[White "Knightess"]
[Black "Copacablanca"]
[Result "0-1"]
[WhiteElo "1620"]
[BlackElo "1922"]
[Annotator "RC"]
[PlyCount "72"]
[EventDate "2024.04.09"]
[EventType "swiss (blitz)"]
[TimeControl "60"]

1. e4 {[%emt 0:00:01]} e5 {[%emt 0:00:02]} 2. f4 {[%emt 0:00:01]} exf4 {[%emt 0:00:01]} 3. Nf3 {[%emt 0:00:02]} Nf6 {[%emt 0:00:01]} 4. e5 {[%emt 0:00:02]} Nh5 {[%emt 0:00:01]} 5. d4 {[%emt 0:00:01]} d5 {[%emt 0:00:01]} 6. Bb5+ {[%emt 0:00:05]} c6 {[%emt 0:00:05]} 7. g4 {[%emt 0:00:11]} Bxg4 {[%emt 0:00:01]} 8. h3 {[%emt 0:00:02]} Bb4+ {[%emt 0:00:11]} 9. Nc3 {[%emt 0:00:03]} Bxc3+ {[%emt 0:00:03]} 10. bxc3 {[%emt 0:00:01]} Bxf3 {[%emt 0:00:03]} 11. Qxf3 {[%emt 0:00:01]} Qh4+ {[%emt 0:00:03]} 12. Kd1 {[%emt 0:00:02]} cxb5 {[%emt 0:00:01]} 13. Qxd5 {[%emt 0:00:01]} O-O {[%emt 0:00:03]} 14. Qxb7 {[%emt 0:00:01]} Na6 {[%emt 0:00:02]} 15. Qxa6 {[%emt 0:00:02]} Ng3 {[%emt 0:00:01]} 16. Re1 {[%emt 0:00:02]} f3 {[%emt 0:00:02]} 17. Be3 {[%emt 0:00:02]} Qe4 {[%emt 0:00:01]} 18. Qxb5 {[%emt 0:00:01]} f2 {[%emt 0:00:02]} 19. Bxf2 {[%emt 0:00:02]} Qf3+ {[%emt 0:00:01]} 20. Kc1 {[%emt 0:00:01]} Qxf2 {[%emt 0:00:01]} 21. Kd1 {[%emt 0:00:01]} Rad8 {[%emt 0:00:02]} 22. Qb7 {[%emt 0:00:01]} Rxd4+ {[%emt 0:00:02]} 23. cxd4 {[%emt 0:00:01]} Qxd4+ {[%emt 0:00:01]} 24. Kc1 {[%emt 0:00:01]} Qxa1+ {[%emt 0:00:01]} 25. Qb1 {[%emt 0:00:01]} Qc3 {[%emt 0:00:01]} 26. Qb6 {[%emt 0:00:02]} axb6 {[%emt 0:00:01]} 27. Rh1 {[%emt 0:00:01]} Nxh1 {[%emt 0:00:01]} 28. e6 {[%emt 0:00:01]} Qe3+ {[%emt 0:00:01]} 29. Kb2 {[%emt 0:00:01]} Qe5+ {[%emt 0:00:01]} 30. c3 {[%emt 0:00:01]} Qe2+ {[%emt 0:00:01]} 31. Kc1 {[%emt 0:00:01]} Qe3+ {[%emt 0:00:01]} 32. Kc2 {[%emt 0:00:01]} Qe4+ {[%emt 0:00:01]} 33. Kc1 {[%emt 0:00:01]} Qf4+ {[%emt 0:00:01]} 34. Kb2 {[%emt 0:00:01]} Qd2+ {[%emt 0:00:01]} 35. Kb3 {[%emt 0:00:01]} fxe6 {[%emt 0:00:01]} 36. h4 {[%emt 0:00:01] .} Qd1+ {[%emt 0:00:00]} 0-1

[Event "Test Tournament"]
[Site "Emanuel Lasker Arena"]
[Date "2024.04.09"]
[Round "4"]
[White "Melancholia"]
[Black "Daenerys"]
[Result "*"]
[WhiteElo "1620"]
[BlackElo "1922"]
[Annotator "RC"]
[PlyCount "46"]
[EventDate "2024.04.09"]
[EventType "swiss (blitz)"]

{Melancholia resigns Daenerys resigns} 1. e4 {[%emt 0:00:01]} c5 {[%emt 0:00:01]} 2. Nf3 {[%emt 0:00:01]} d6 {[%emt 0:00:00]} 3. d4 {[%emt 0:00:01]} cxd4 {[%emt 0:00:01]} 4. Nxd4 {[%emt 0:00:01]} Nf6 {[%emt 0:00:01]} 5. Nc3 {[%emt 0:00:01]} a6 {[%emt 0:00:02]} 6. Be3 {[%emt 0:00:00]} e5 {[%emt 0:00:01]} 7. Nb3 {[%emt 0:00:01]} Ng4 {[%emt 0:00:01]} 8. Bc1 {[%emt 0:00:01]} Qb6 {[%emt 0:00:04]} 9. Qf3 {[%emt 0:00:04]} Be6 {[%emt 0:00:02]} 10. a4 {[%emt 0:00:04]} h5 {[%emt 0:00:04]} 11. Nd5 {[%emt 0:00:04]} Qc6 {[%emt 0:00:04]} 12. Na5 {[%emt 0:00:04]} Qxc2 {[%emt 0:00:01]} 13. Bd2 {[%emt 0:00:03]} Nf6 {[%emt 0:00:03]} 14. Nxb7 {[%emt 0:00:19]} Qxe4+ {[%emt 0:00:02]} 15. Qxe4 {[%emt 0:00:01]} Nxe4 {[%emt 0:00:01]} 16. Nc7+ {[%emt 0:00:01]} Ke7 {[%emt 0:00:01]} 17. Nxa8 {[%emt 0:00:01]} Nxd2 {[%emt 0:00:01]} 18. Kxd2 {[%emt 0:00:01]} Nc6 {[%emt 0:00:03]} 19. Bxa6 {[%emt 0:00:01]} Nd4 {[%emt 0:00:03]} 20. b4 {[%emt 0:00:02]} g6 {[%emt 0:00:02]} 21. f4 {[%emt 0:00:01]} Bh6 {[%emt 0:00:02]} 22. Nc7 {[%emt 0:00:02]} Bxf4+ {[%emt 0:00:01]} 23. Kc3 {[%emt 0:00:01]} Rc8 {[%emt 0:00:02]} *

[Event "Test Tournament"]
[Site "Emanuel Lasker Arena"]
[Date "2024.04.09"]
[Round "4"]
[White "Melancholia"]
[Black "NicholasRenzi"]
[Result "0-1"]
[WhiteElo "1620"]
[BlackElo "2016"]
[Annotator "RC"]
[PlyCount "58"]
[EventDate "2024.04.09"]
[EventType "swiss (blitz)"]
[TimeControl "60"]

1. d4 {[%emt 0:00:02]} d5 {[%emt 0:00:01]} 2. c4 {[%emt 0:00:02]} c6 {[%emt 0:00:01]} 3. Nf3 {[%emt 0:00:01]} Nf6 {[%emt 0:00:01]} 4. e3 {[%emt 0:00:01]} e6 {[%emt 0:00:01]} 5. Bd3 {[%emt 0:00:01]} Nbd7 {[%emt 0:00:01]} 6. O-O {[%emt 0:00:02]} dxc4 {[%emt 0:00:01]} 7. Bxc4 {[%emt 0:00:01]} b5 {[%emt 0:00:05]} 8. Bd3 {[%emt 0:00:05]} Bb7 {[%emt 0:00:01]} 9. a4 {[%emt 0:00:01]} a6 {[%emt 0:00:01]} 10. Qc2 {[%emt 0:00:04]} Bd6 {[%emt 0:00:01]} 11. Bd2 {[%emt 0:00:03]} O-O {[%emt 0:00:04]} 12. Ng5 {[%emt 0:00:03]} h6 {[%emt 0:00:02]} 13. d5 {[%emt 0:00:17]} Nc5 {[%emt 0:00:01]} 14. Bg6 {[%emt 0:00:02]} hxg5 {[%emt 0:00:01]} 15. b4 {[%emt 0:00:01]} Nxa4 {[%emt 0:00:03]} 16. dxc6 {[%emt 0:00:01]} Bxc6 {[%emt 0:00:03]} 17. Qxc6 {[%emt 0:00:01]} fxg6 {[%emt 0:00:01]} 18. Rc1 {[%emt 0:00:01]} Nd5 {[%emt 0:00:03]} 19. e4 {[%emt 0:00:02]} Nf4 {[%emt 0:00:01]} 20. Nc3 {[%emt 0:00:01]} Nxc3 {[%emt 0:00:02]} 21. Bxc3 {[%emt 0:00:01]} Ne2+ {[%emt 0:00:01]} 22. Kh1 {[%emt 0:00:01]} Nxc1 {[%emt 0:00:02]} 23. Rxc1 {[%emt 0:00:00]} Rxf2 {[%emt 0:00:02]} 24. e5 {[%emt 0:00:02]} Qf8 {[%emt 0:00:02]} 25. Rg1 {[%emt 0:00:01]} Bxb4 {[%emt 0:00:02]} 26. Bxb4 {[%emt 0:00:00]} Qe8 {[%emt 0:00:02]} 27. Qb7 {[%emt 0:00:02]} a5 {[%emt 0:00:02]} 28. Ra1 {[%emt 0:00:01]} a4 {[%emt 0:00:02]} 29. h3 {[%emt 0:00:01] .} Kh7 {[%emt 0:00:01]} 0-1